01306nam a2200337Ia 4500001001200000003000800012006001900020007001500039008004100054010001700095020002200112020002500134040002100159035002100180050002500201082001700226100003100243245008100274260003600355300002600391490004500417504006400462533015200526630001300678650004200691655002900733710001700762830004600779856012600825999001700951ebr10296519CaPaEBRm u cr cn|||||||||080726s2009 njua sb 001 0 eng d z 2008033316 z047014114X (pbk.) z9780470141144 (pbk.) aCaPaEBRcCaPaEBR a(OCoLC)35290756214aQA279.5b.N89 2009eb04a519.5/422221 aNtzoufras, Ioannis,d1973-10aBayesian modeling using WinBUGSh[electronic resource] /cIoannis Ntzoufras. aHoboken, N.J. :bWiley,cc2009. axxiii, 492 p. :bill.1 aWiley series in computational statistics aIncludes bibliographical references (p. 469-484) and index. aElectronic reproduction.bPalo Alto, Calif. :cebrary,d2011.nAvailable via World Wide Web.nAccess may be limited to ebrary affiliated libraries.00aWinBUGS. 0aBayesian statistical decision theory. 7aElectronic books.2local2 aebrary, Inc. 0aWiley series in computational statistics.40uhttp://site.ebrary.com/lib/rucke/Doc?id=10296519zAn electronic book accessible through the World Wide Web; click to view c77350d77350